00775 a2200205 4500999001500000010001400015020002600029035001300055037001500068082001000083100001600093245010100109260004200210270007900252300002800331500005100359700001900410942002900429952011100458 c4758d4758 aENG-86561 a9788178296906c595.00 aEN-70094 bDBAD / PUB a361.3 aCox, David  aInternational social work :cby David Cox [and] Manohar Pawarbissues, strategies and programs / aNew DelhibVistaar Publicationsc2006 aB1/11, Mohan Cooperative Industrial Area, Mathura RoadbNew Delhie110 044 axiv, 421pc25cm. (pbk) aIncludes bibliographical references and index aPawar, Manohar adplcEN2ddch361.3mCOX 001040718NFICaDBADbDBADeDBAD/PUBg595.00l0o361.3 COXpEN-70094r2008-09-15 00:00:00t1v595.00yEN